01896nam a2200313Ia 4500008004100000100005400041245007000095260000800165500002500173650001600198942000700214952008400221952008400305952008400389952008400473952008400557952008400641952008400725952008400809952008400893952008400977952008401061952008401145952008401229952008401313952008401397952008401481999001701565230524s9999 xx 000 0 und d a"Asoke K. Talukder, Hasan Ahmed, Roopa R Yavagal" 0a"Mobile Computing: Technology, Applications and Service Creation" bTMH aQuantity Number: 16 aElectronics cBK 00104070aTATCLbTATCLcGENd2023-05-24l0p43229r2023-05-24w2023-05-24yBK 00104070aTATCLbTATCLcGENd2023-05-24l0p43230r2023-05-24w2023-05-24yBK 00104070aTATCLbTATCLcGENd2023-05-24l0p43231r2023-05-24w2023-05-24yBK 00104070aTATCLbTATCLcGENd2023-05-24l0p43232r2023-05-24w2023-05-24yBK 00104070aTATCLbTATCLcGENd2023-05-24l0p43233r2023-05-24w2023-05-24yBK 00104070aTATCLbTATCLcGENd2023-05-24l0p45480r2023-05-24w2023-05-24yBK 00104070aTATCLbTATCLcGENd2023-05-24l0p45481r2023-05-24w2023-05-24yBK 00104070aTATCLbTATCLcGENd2023-05-24l0p45482r2023-05-24w2023-05-24yBK 00104070aTATCLbTATCLcGENd2023-05-24l0p45483r2023-05-24w2023-05-24yBK 00104070aTATCLbTATCLcGENd2023-05-24l0p45484r2023-05-24w2023-05-24yBK 00104070aTATCLbTATCLcGENd2023-05-24l0p45485r2023-05-24w2023-05-24yBK 00104070aTATCLbTATCLcGENd2023-05-24l0p45737r2023-05-24w2023-05-24yBK 00104070aTATCLbTATCLcGENd2023-05-24l0p45738r2023-05-24w2023-05-24yBK 00104070aTATCLbTATCLcGENd2023-05-24l0p45739r2023-05-24w2023-05-24yBK 00104070aTATCLbTATCLcGENd2023-05-24l0p45740r2023-05-24w2023-05-24yBK 00104070aTATCLbTATCLcGENd2023-05-24l0p45741r2023-05-24w2023-05-24yBK c49496d49496